00523nam a2200193 a 4500001001300000003000900013005001700022008004100039020002300080082001600103100001700119245003000136260003000166300000900196500003500205505004300240650002900283700001700312nice12345678IN_TiNIC20260116012834.0050524s1988 u sa grp 000 0 eng  a0896931 c10000a220.07bFIN aFinzel, Hans aUnlocking the Scriptures. aU S AbVictor Booksc1988 a144p aincludes index and biblioraphy2 aFresh New look at inductie Bible Study aBible-Study and Teaching1 aFinzel, Hans